[Event "HUN-chT2 Breyer 2223"]
[Site "Hungary"]
[Date "2023.04.23"]
[Round "11.8"]
[White "Horvath, Antal"]
[Black "Borcsok, Laszlo"]
[Result "1/2-1/2"]
[WhiteElo "2063"]
[BlackElo "2097"]
[PlyCount "56"]
[EventDate "2022.10.16"]
[EventType "team-tourn"]
[EventRounds "11"]
[EventCountry "HUN"]
[SourceTitle "EXT 2025"]
[Source "ChessBase"]
[SourceDate "2024.10.14"]
[SourceVersion "1"]
[SourceVersionDate "2024.10.14"]
[SourceQuality "1"]
[WhiteTeam "Hus"]
[BlackTeam "Biatorbagy II"]
[WhiteTeamCountry "HUN"]
[BlackTeamCountry "HUN"]

1. e4 d5 2. exd5 Qxd5 3. Nc3 Qa5 4. d4 Nf6 5. h3 Bf5 6. Bd3 Nc6 7. Nf3 Nb4 8. Ne5 Nxd3+ 9. Nxd3 Bxd3 10. Qxd3 0-0-0 11. 0-0 e6 12. Bf4 Bd6 13. Bxd6 Rxd6 14. Nb5 Rd7 15. c3 Qa6 16. Qc4 c6 17. Na3 Qxc4 18. Nxc4 Rd5 19. Rad1 Nd7 20. f4 Kc7 21. Ne3 Ra5 22. a3 Re8 23. Nc4 Rd5 24. b4 Nb6 25. Nb2 Red8 26. Rd2 R5d7 27. Rdf2 Nd5 28. Rf3 b5 1/2-1/2

[Event "HUN-chT2 Breyer 0809"]
[Site "Hungary"]
[Date "2009.04.19"]
[Round "11"]
[White "Borcsok, Laszlo"]
[Black "Kiss, Kinga"]
[Result "0-1"]
[WhiteElo "2112"]
[BlackElo "2113"]
[PlyCount "38"]
[EventDate "2008.10.26"]
[EventType "tourn"]
[EventRounds "11"]
[EventCountry "HUN"]
[SourceTitle "EXT 2010"]
[Source "ChessBase"]
[SourceDate "2010.11.25"]
[SourceVersion "1"]
[SourceVersionDate "2010.11.25"]
[SourceQuality "1"]
[WhiteTeam "Tatai Honved"]
[BlackTeam "Geniusz Tata"]
[WhiteTeamCountry "HUN"]
[BlackTeamCountry "HUN"]

1. e4 c5 2. c3 d5 3. exd5 Qxd5 4. d4 g6 5. Nf3 cxd4 6. Nxd4 e5 7. Nf3 Qxd1+ 8. Kxd1 Bg4 9. Bb5+ Nc6 10. Re1 0-0-0+ 11. Nbd2 Nge7 12. Kc2 Bg7 13. Ne4 Bxf3 14. gxf3 Nf5 15. b3 Ncd4+ 16. cxd4 Nxd4+ 17. Kb2 Nxb5 18. Be3 f5 19. Ng5 e4+ 0-1

[Event "HUN-chT3 0001"]
[Site "Hungary"]
[Date "2001.02.25"]
[Round "7.1"]
[White "Torotto, Antal"]
[Black "Borcsok, Laszlo"]
[Result "0-1"]
[WhiteElo "2180"]
[BlackElo "2203"]
[PlyCount "80"]
[EventDate "2000.10.29"]
[EventType "team-tourn"]
[EventRounds "11"]
[EventCountry "HUN"]
[SourceTitle "EXT 2007"]
[Source "ChessBase"]
[SourceDate "2006.11.23"]
[SourceVersion "1"]
[SourceVersionDate "2006.11.23"]
[SourceQuality "1"]

1. e4 d5 2. exd5 Qxd5 3. Nc3 Qd6 4. d4 a6 5. Nf3 Nf6 6. Be2 Bf5 7. 0-0 Nc6 8. Be3 e5 9. Nxe5 Nxe5 10. dxe5 Qxe5 11. Bd4 Qd6 12. Bf3 0-0-0 13. Bxf6 Qxf6 14. Nd5 Qd6 15. c4 c6 16. Nb6+ Kc7 17. Qxd6+ Bxd6 18. Na4 Bd3 19. Rfc1 Bf4 20. Re1 Rhe8 21. b3 b6 22. g3 Bd2 23. Red1 Bc2 24. Rf1 Re5 25. Nb2 Bc3 26. Rac1 Rd2 27. Nd1 Bd4 28. Kg2 c5 29. h4 h6 30. Bd5 f5 31. Kh3 Bd3 32. Rg1 Bxf2 33. Rg2 Be1 34. Nc3 Bf1 35. Bf3 g5 36. Kh2 Bxg2 37. Bxg2 gxh4 38. gxh4 Bxh4 39. Nd5+ Kb8 40. Nxb6 Ree2 0-1

[Event "HUN-chT3 0001"]
[Site "Hungary"]
[Date "2000.11.26"]
[Round "3.1"]
[White "Laszlo, Imre"]
[Black "Borcsok, Laszlo"]
[Result "1-0"]
[WhiteElo "2140"]
[BlackElo "2203"]
[PlyCount "91"]
[EventDate "2000.10.29"]
[EventType "team-tourn"]
[EventRounds "11"]
[EventCountry "HUN"]
[SourceTitle "EXT 2007"]
[Source "ChessBase"]
[SourceDate "2006.11.23"]
[SourceVersion "1"]
[SourceVersionDate "2006.11.23"]
[SourceQuality "1"]

1. e4 d5 2. exd5 Qxd5 3. Nc3 Qd6 4. d4 a6 5. Nf3 Nf6 6. g3 Bg4 7. Be2 e6 8. Bf4 Qd8 9. h3 Bh5 10. g4 Bg6 11. Ne5 Bb4 12. a3 Ba5 13. h4 Be4 14. f3 Bc6 15. Qd2 Nd5 16. b4 Bb6 17. Rd1 f6 18. Nc4 Nd7 19. Ne4 Ba4 20. Bg3 Qe7 21. Nb2 f5 22. Nxa4 fxe4 23. fxe4 N5f6 24. Qd3 0-0 25. c4 a5 26. Nxb6 Nxb6 27. c5 axb4 28. axb4 Na4 29. Rd2 Nc3 30. Qxc3 Nxe4 31. Qb3 Nxd2 32. Kxd2 Qf6 33. Be5 Qg6 34. Rh2 Ra1 35. Qc2 Qe8 36. Bc4 Qc6 37. d5 exd5 38. Bxa1 dxc4 39. Qxc4+ Kh8 40. Qd4 Qg6 41. g5 h5 42. Re2 Qf7 43. Re6 Rc8 44. Bb2 Qf8 45. Rh6+ Kg8 46. Qd5+ 1-0

[Event "HUN-chT 9899"]
[Site "Hungary"]
[Date "1999.??.??"]
[Round "?"]
[White "Horvath, Zoltan"]
[Black "Borcsok, Laszlo"]
[Result "1/2-1/2"]
[WhiteElo "2340"]
[BlackElo "2185"]
[PlyCount "60"]
[EventDate "1998.??.??"]
[EventType "team-tourn"]
[EventRounds "12"]
[EventCountry "HUN"]
[SourceTitle "EXT 2000"]
[Source "ChessBase"]
[SourceDate "1999.11.16"]
[SourceVersion "1"]
[SourceVersionDate "1999.11.16"]
[SourceQuality "1"]

1. e4 d5 2. exd5 Qxd5 3. Nc3 Qd6 4. d4 Nf6 5. Be2 a6 6. Bg5 Bf5 7. d5 Nbd7 8. Nf3 0-0-0 9. Qd4 Qb6 10. 0-0-0 Qxd4 11. Nxd4 Bg4 12. Rhe1 Bxe2 13. Rxe2 Nb6 14. Nf5 Nbxd5 15. Nxd5 Rxd5 16. Rxd5 Nxd5 17. c4 Nb6 18. Nxe7+ Bxe7 19. Rxe7 Rf8 20. b3 Nd7 21. f4 c5 22. f5 Kc7 23. f6 gxf6 24. Bh6 Rg8 25. g3 Kc6 26. Rxf7 Re8 27. Kd2 b5 28. Rxh7 bxc4 29. bxc4 Re4 30. Bf4 Rxc4 1/2-1/2

[Event "HUN KO-ch"]
[Site "Hungary"]
[Date "1998.??.??"]
[Round "?"]
[White "Borcsok, Laszlo"]
[Black "Gal, Sandor"]
[Result "1/2-1/2"]
[WhiteElo "2185"]
[BlackElo "2235"]
[PlyCount "60"]
[EventDate "1998.??.??"]
[EventType "k.o."]
[EventRounds "3"]
[EventCountry "HUN"]
[SourceTitle "EXT 2002"]
[Source "ChessBase"]
[SourceDate "2001.11.25"]
[SourceVersion "1"]
[SourceVersionDate "2001.11.25"]
[SourceQuality "1"]

1. e4 e6 2. Qe2 c5 3. g3 Nc6 4. Nf3 d6 5. b3 Nf6 6. Bb2 e5 7. h3 g6 8. Bg2 Bg7 9. 0-0 0-0 10. c3 Re8 11. d3 b5 12. Nbd2 b4 13. Nc4 bxc3 14. Bxc3 Be6 15. Ng5 Bxc4 16. bxc4 Nd7 17. f4 Nd4 18. Bxd4 cxd4 19. Rab1 h6 20. Nf3 Nc5 21. f5 g5 22. Nh2 Bf6 23. Rb5 Kg7 24. Rfb1 Qc7 25. Bf1 a6 26. R5b4 Rab8 27. Qb2 Rxb4 28. Qxb4 Re7 29. Nf3 Qc6 30. Qb6 Rc7 1/2-1/2

[Event "HUN-chT 9899"]
[Site "Hungary"]
[Date "1998.??.??"]
[Round "?"]
[White "Borcsok, Laszlo"]
[Black "Joo, Gabor"]
[Result "1-0"]
[WhiteElo "2185"]
[BlackElo "2070"]
[PlyCount "69"]
[EventDate "1998.??.??"]
[EventType "team-tourn"]
[EventRounds "12"]
[EventCountry "HUN"]
[SourceTitle "EXT 2000"]
[Source "ChessBase"]
[SourceDate "1999.11.16"]
[SourceVersion "1"]
[SourceVersionDate "1999.11.16"]
[SourceQuality "1"]

1. e4 c5 2. c3 d5 3. exd5 Qxd5 4. d4 Nf6 5. Nf3 e6 6. Na3 cxd4 7. Nb5 Na6 8. Nbxd4 Nc7 9. Be2 Bd6 10. 0-0 0-0 11. c4 Qh5 12. Nxe6 Nxe6 13. Qxd6 Rd8 14. Qa3 Ng4 15. h3 Ne5 16. Qe3 Nxf3+ 17. Bxf3 Qg6 18. Bd5 Nc7 19. Be4 Qe6 20. Qf4 Qe7 21. Be3 Ne6 22. Qf5 g6 23. Qe5 f6 24. Qa5 Kg7 25. Rad1 Re8 26. Bf3 f5 27. Qe5+ Kg8 28. Bd5 Qg7 29. Qd6 Qe7 30. Qe5 Qg7 31. Qg3 Kf8 32. Qd6+ Qe7 33. Bh6+ Kf7 34. Qf4 Qc5 35. Qe5 1-0

[Event "HUN KO-ch"]
[Site "Hungary"]
[Date "1998.??.??"]
[Round "?"]
[White "Gal, Sandor"]
[Black "Borcsok, Laszlo"]
[Result "0-1"]
[WhiteElo "2235"]
[BlackElo "2185"]
[PlyCount "78"]
[EventDate "1998.??.??"]
[EventType "k.o."]
[EventRounds "3"]
[EventCountry "HUN"]
[SourceTitle "EXT 2002"]
[Source "ChessBase"]
[SourceDate "2001.11.25"]
[SourceVersion "1"]
[SourceVersionDate "2001.11.25"]
[SourceQuality "1"]

1. d4 d5 2. c4 dxc4 3. Nf3 Nf6 4. e3 e6 5. Bxc4 c5 6. 0-0 a6 7. a4 Nc6 8. Nc3 Be7 9. Ne5 Nb4 10. f4 0-0 11. Be2 Qc7 12. Nd3 cxd4 13. exd4 Nc6 14. Be3 Rd8 15. Rc1 Qd6 16. Ne5 Nxd4 17. Qe1 Nxe2+ 18. Qxe2 Qb4 19. Rfd1 Bd7 20. Rd4 Qb3 21. Nxd7 Rxd7 22. Rcd1 Rad8 23. Rxd7 Rxd7 24. Rxd7 Nxd7 25. Qd3 Nf6 26. h3 Nd5 27. Kh2 h6 28. Qe4 Nxc3 29. bxc3 Qxc3 30. Bf2 Qc7 31. Be3 Bf6 32. Qd3 Qd8 33. Qc4 g6 34. g4 Kg7 35. g5 hxg5 36. fxg5 Bxg5 37. Bxg5 Qxg5 38. Qc3+ Qf6 39. Qb3 Qe5+ 0-1

[Event "HUN-chT 9697"]
[Site "Hungary"]
[Date "1997.??.??"]
[Round "8"]
[White "Borcsok, Laszlo"]
[Black "Farago, Sandor"]
[Result "0-1"]
[WhiteElo "2180"]
[BlackElo "2365"]
[PlyCount "156"]
[EventDate "1996.??.??"]
[EventType "team-tourn"]
[EventRounds "12"]
[EventCountry "HUN"]
[SourceTitle "EXT 2006"]
[Source "ChessBase"]
[SourceDate "2005.11.24"]
[SourceVersion "1"]
[SourceVersionDate "2005.11.24"]
[SourceQuality "1"]
[WhiteTeam "Torekves"]
[BlackTeam "Budapest MTK"]
[WhiteTeamCountry "HUN"]
[BlackTeamCountry "HUN"]

1. e4 c5 2. c3 Nf6 3. e5 Nd5 4. d4 cxd4 5. Nf3 Nc6 6. cxd4 d6 7. Bc4 e6 8. 0-0 Be7 9. exd6 Qxd6 10. Nc3 Nxc3 11. bxc3 0-0 12. a4 b6 13. Qe2 Bb7 14. Bd3 Rac8 15. Ng5 Bxg5 16. Bxg5 Qd5 17. Qg4 Ne5 18. dxe5 Qxd3 19. Bh6 Qg6 20. Qxg6 hxg6 21. Be3 Ba6 22. Rfc1 Rc7 23. Bd4 Rd8 24. a5 bxa5 25. Rcb1 Rd5 26. h3 Bc4 27. Ra4 a6 28. Rba1 Bb5 29. Rxa5 f6 30. Re1 Kf7 31. Raa1 g5 32. f3 Rc4 33. Re3 Ra4 34. Rxa4 Bxa4 35. Re1 a5 36. Bb6 Bb3 37. Bc7 a4 38. Bd6 Rd2 39. Ra1 Rc2 40. Bb4 fxe5 41. Kh2 e4 42. fxe4 Re2 43. Kg3 Rxe4 44. Kf2 g4 45. hxg4 Rxg4 46. Re1 Kf6 47. Bd6 Rg5 48. Bf8 Bd5 49. g3 e5 50. Rd1 Ke6 51. Bb4 Rf5+ 52. Kg1 Rf3 53. Kh2 Rf2+ 54. Kh3 Bf3 55. Rd8 Kf5 56. Rf8+ Ke4 57. Rg8 Rf1 58. Kh4 Rh1+ 59. Kg5 Rh3 60. Ra8 Rxg3+ 61. Kh4 Rg2 62. Rxa4 g5+ 63. Kh3 Kf5 64. Bc5 g4+ 65. Kh4 Rc2 66. Bb4 Rh2+ 67. Kg3 Rh3+ 68. Kf2 Bc6 69. Ra7 g3+ 70. Ke2 Ke4 71. Rg7 Bb5+ 72. Kd2 Rh2+ 73. Kc1 Rg2 74. Bc5 Kd3 75. Rg5 Kxc3 76. Rxe5 Bd3 77. Bb6 Ra2 78. Ra5 Rc2+ 0-1

[Event "HUN-chT3"]
[Site "Hungary"]
[Date "1996.??.??"]
[Round "?"]
[White "Borcsok, Laszlo"]
[Black "Cselotei, Ivan"]
[Result "1-0"]
[WhiteElo "2180"]
[BlackElo "2240"]
[PlyCount "55"]
[EventDate "1996.??.??"]
[EventType "team-tourn"]
[EventRounds "9"]
[EventCountry "HUN"]
[SourceTitle "EXT 2006"]
[Source "ChessBase"]
[SourceDate "2005.11.24"]
[SourceVersion "1"]
[SourceVersionDate "2005.11.24"]
[SourceQuality "1"]

1. e4 e5 2. f4 d5 3. exd5 c6 4. d4 e4 5. dxc6 Nxc6 6. d5 Bb4+ 7. c3 Bc5 8. b4 Bxg1 9. Rxg1 Nce7 10. Bb5+ Kf8 11. d6 Nc6 12. Be3 h5 13. Nd2 Nf6 14. Nc4 Be6 15. Ne5 Nxe5 16. fxe5 Nd5 17. Qd2 Nxe3 18. Qxe3 Qb6 19. Qxb6 axb6 20. a4 h4 21. Be2 Bd7 22. Kf2 Re8 23. a5 b5 24. a6 b6 25. a7 Ra8 26. Ra6 g6 27. Rga1 Kg7 28. Rxb6 1-0

[Event "HUN-chT2 9596"]
[Site "Hungary"]
[Date "1995.??.??"]
[Round "5"]
[White "Antal, Jozsef"]
[Black "Borcsok, Laszlo"]
[Result "1/2-1/2"]
[WhiteElo "2165"]
[BlackElo "2180"]
[PlyCount "34"]
[EventDate "1995.??.??"]
[EventType "team-tourn"]
[EventRounds "11"]
[EventCountry "HUN"]
[SourceTitle "EXT 2000"]
[Source "ChessBase"]
[SourceDate "1999.11.16"]
[SourceVersion "1"]
[SourceVersionDate "1999.11.16"]
[SourceQuality "1"]

1. e4 d5 2. exd5 Qxd5 3. Nc3 Qa5 4. d4 Nf6 5. Nf3 Bg4 6. h3 Bh5 7. g4 Bg6 8. Ne5 e6 9. Bg2 Be4 10. f3 Bc6 11. 0-0 Nfd7 12. f4 Bxg2 13. Kxg2 Bd6 14. Be3 0-0 15. Qf3 Qa6 16. Ne4 Bxe5 17. dxe5 Nc6 1/2-1/2

[Event "Budapest act op"]
[Site "Budapest"]
[Date "1995.??.??"]
[Round "?"]
[White "Borcsok, Laszlo"]
[Black "Adorjan, Andras"]
[Result "0-1"]
[WhiteElo "2185"]
[BlackElo "2530"]
[PlyCount "100"]
[EventDate "1995.??.??"]
[EventType "swiss (rapid)"]
[EventRounds "7"]
[EventCountry "HUN"]
[SourceTitle "EXT 2002"]
[Source "ChessBase"]
[SourceDate "2001.11.25"]
[SourceVersion "1"]
[SourceVersionDate "2001.11.25"]
[SourceQuality "1"]

1. e4 c5 2. Nc3 e6 3. g3 d5 4. exd5 exd5 5. d4 cxd4 6. Qxd4 Nf6 7. Bg2 Nc6 8. Qd1 Bg4 9. Bf3 Bxf3 10. Nxf3 d4 11. Qe2+ Be7 12. Ne4 0-0 13. 0-0 Re8 14. Nxf6+ Bxf6 15. Qd3 Nb4 16. Qb3 Qd5 17. Qxd5 Nxd5 18. Rd1 Nb4 19. Bf4 Nxc2 20. Rac1 Re2 21. Kf1 Rae8 22. Ng1 d3 23. Rxd3 Re1+ 24. Rxe1 Rxe1+ 25. Kg2 g5 26. Bb8 Ra1 27. Rb3 Ne1+ 28. Kh3 h5 29. g4 Rxa2 30. Rxb7 Nd3 31. Bxa7 Bxb2 32. Be3 Bf6 33. gxh5 Nxf2+ 34. Kg2 Nd1+ 35. Kf3 Ra3 36. Ke4 Rxe3+ 37. Kf5 Re6 38. Kg4 Kg7 39. Nf3 Re4+ 40. Kg3 g4 41. h6+ Kxh6 42. Nd2 Rd4 43. Nb3 Be5+ 44. Kg2 Rd3 45. Rb5 f6 46. Rb7 Rh3 47. Rb5 Rxh2+ 48. Kg1 g3 49. Rd5 Nf2 50. Nd2 Nh3+ 0-1

[Event "Budapest act op"]
[Site "Budapest"]
[Date "1995.??.??"]
[Round "?"]
[White "Borcsok, Laszlo"]
[Black "Lehmann, Zoltan"]
[Result "0-1"]
[WhiteElo "2185"]
[BlackElo "2340"]
[PlyCount "75"]
[EventDate "1995.??.??"]
[EventType "swiss (rapid)"]
[EventRounds "7"]
[EventCountry "HUN"]
[SourceTitle "EXT 2002"]
[Source "ChessBase"]
[SourceDate "2001.11.25"]
[SourceVersion "1"]
[SourceVersionDate "2001.11.25"]
[SourceQuality "1"]

1. e4 c5 2. Nf3 Nc6 3. d4 cxd4 4. Nxd4 e5 5. Nb5 d6 6. c4 Be7 7. N1c3 a6 8. Na3 Be6 9. Be2 Bg5 10. 0-0 Bxc1 11. Rxc1 Nf6 12. Nc2 0-0 13. Qd2 Rc8 14. Rfd1 Qb6 15. b3 Rfd8 16. h3 Ne7 17. Qe3 Qa5 18. Ne1 Ng6 19. Bf1 Rc6 20. Rd2 b5 21. cxb5 axb5 22. Ne2 Rxc1 23. Nxc1 Qb4 24. Nc2 Qxe4 25. Bxb5 Nf4 26. Ne1 Qxe3 27. fxe3 Ne4 28. Rb2 Nd5 29. Nc2 Nec3 30. Bf1 Nd1 31. Rb1 N5xe3 32. Nxe3 Nxe3 33. Be2 Nc2 34. Bd3 Na3 35. Rb2 d5 36. Rd2 f5 37. g3 e4 38. Bf1 0-1

[Event "HUN-chT2 9495"]
[Site "Hungary"]
[Date "1995.??.??"]
[Round "?"]
[White "Toth, A."]
[Black "Borcsok, Laszlo"]
[Result "1/2-1/2"]
[WhiteElo "2180"]
[BlackElo "2185"]
[PlyCount "76"]
[EventDate "1994.??.??"]
[EventType "team-tourn"]
[EventRounds "13"]
[EventCountry "HUN"]
[SourceTitle "EXT 1999"]
[Source "ChessBase"]
[SourceDate "1998.11.16"]
[SourceVersion "1"]
[SourceVersionDate "1998.11.16"]
[SourceQuality "1"]

1. e4 e6 2. d4 d5 3. Nc3 dxe4 4. Nxe4 Nd7 5. Nf3 Ngf6 6. Bg5 h6 7. Nxf6+ Nxf6 8. Bh4 c5 9. dxc5 Qa5+ 10. Qd2 Qxd2+ 11. Nxd2 Bxc5 12. 0-0-0 0-0 13. Bxf6 gxf6 14. Ne4 Be7 15. Be2 f5 16. Nd6 Rd8 17. Nc4 Bd7 18. Bf3 Rab8 19. Ne5 Be8 20. Rxd8 Bxd8 21. Rd1 b6 22. Be2 Bg5+ 23. Kb1 Rd8 24. Rxd8 Bxd8 25. f4 Bc7 26. c4 f6 27. Nd3 Bc6 28. g3 e5 29. Kc2 Kf7 30. Kc3 Ke6 31. b4 Be4 32. c5 Bxd3 33. Bxd3 bxc5 34. bxc5 exf4 35. gxf4 Bxf4 36. h3 Be3 37. Kc4 Ke5 38. Bf1 f4 1/2-1/2

[Event "HUN-chT 9394"]
[Site "Hungary"]
[Date "1994.??.??"]
[Round "?"]
[White "Menyhart, Tibor"]
[Black "Borcsok, Laszlo"]
[Result "1-0"]
[WhiteElo "2215"]
[BlackElo "2260"]
[PlyCount "109"]
[EventDate "1993.??.??"]
[EventType "team-tourn"]
[EventRounds "13"]
[EventCountry "HUN"]
[SourceTitle "TD"]
[Source "ChessBase"]
[SourceDate "1994.03.01"]
[SourceVersion "1"]
[SourceVersionDate "1994.03.01"]
[SourceQuality "1"]

1. d4 Nf6 2. c4 g6 3. Nc3 d5 4. cxd5 Nxd5 5. e4 Nxc3 6. bxc3 c5 7. Nf3 Bg7 8. Be3 0-0 9. Qd2 Qa5 10. Rc1 Rd8 11. d5 b6 12. c4 Nc6 13. Bd3 Qxd2+ 14. Kxd2 Na5 15. Rhd1 Nb7 16. h3 e6 17. Ke2 exd5 18. exd5 Nd6 19. Kf1 Bf5 20. Bxf5 Nxf5 21. Bg5 Rd7 22. g4 Nd6 23. Re1 h6 24. Bf4 Rad8 25. a4 Rb7 26. Kg2 a6 27. Ne5 Bf8 28. Nc6 Re8 29. Rxe8 Nxe8 30. Rb1 g5 31. Be5 f6 32. Bg3 a5 33. Nxa5 Ra7 34. Nc6 Rxa4 35. Rxb6 Rxc4 36. Rb8 Kf7 37. Rb7+ Kg8 38. Nd8 Rd4 39. Ne6 Rxd5 40. Rb8 Kf7 41. Rxe8 Be7 42. Nc7 Rd2 43. Rc8 c4 44. Nb5 Rd5 45. Nc3 Rd4 46. Ne2 Rd2 47. Kf3 Rd3+ 48. Ke4 Rd1 49. Rxc4 Rh1 50. Rc7 Ke8 51. Kf5 Bd8 52. Rh7 Re1 53. Nd4 Bb6 54. Ne6 Bxf2 55. Bd6 1-0